This way to happy / Alison Green Myers.
Growing up at her grandparents' amusement park, Reilly Rhoades spent her life in the glow of bright lights, hard work, and sweet treats. That is until her beloved grandfather died. With Grandpa gone now, the sweetness of the park disappears, and the pride Reilly had for her family’s legacy grows bitter. Without Grandpa, Reilly’s family fights to keep the park going—spreading happiness to others as they struggle to find it themselves. The strain causes one problem after another to erupt, until the Rhoades family, and their amusement park, comes apart at the seams. As past traditions clash with today's realities, a new friendship splashes into Reilly’s universe. With epic advice, wild adventures, and a plan (or twenty) for tackling life’s twists and turns, Reilly Rhoades discovers that happiness doesn’t mean you have to choose between the past and the future—sometimes building a bridge connects all the best parts of you!
Record details
- ISBN: 9780593325704
- ISBN: 0593325702
- Physical Description: 191 pages ; 22 cm
- Publisher: New York, New York : Dutton Children's Books, 2025.
Content descriptions
| Target Audience Note: | Ages 10 and up Dutton Children's Books. |
Search for related items by subject
| Genre: | Books on Death & Dying Books on Emotions & Feelings Juvenile works Fiction. |
Available copies
- 1 of 1 copy available at scottsboropl.
Holds
- 0 current holds with 1 total copy.
Show Only Available Copies
| Location | Call Number / Copy Notes | Barcode | Shelving Location | Status | Due Date |
|---|---|---|---|---|---|
| scottsboropl | JF Mye | 32269001284028 | Juvenile - Fiction | Available | - |
| LDR | 02901cam a22006018i 4500 | ||
|---|---|---|---|
| 001 | 166622 | ||
| 003 | SBPL | ||
| 005 | 20251007112626.0 | ||
| 008 | 250618s2025 nyu c 000 1 eng | ||
| 007 | t| | ||
| 010 | . | ‡a 2025025103 | |
| 020 | . | ‡a9780593325704 ‡qhardcover | |
| 020 | . | ‡a0593325702 | |
| 020 | . | ‡z9780593325711 ‡qebook | |
| 035 | . | ‡a(OCoLC)1525437014 | |
| 050 | 0 | 0. | ‡aPZ7.1.M92 ‡bTh 2025 |
| 082 | 0 | 0. | ‡a[Fic] ‡223/eng/20250320 |
| 100 | 1 | . | ‡aMyers, Alison Green,: ‡eauthor. |
| 245 | 1 | 0. | ‡aThis way to happy / ‡cAlison Green Myers. |
| 263 | . | ‡a2509 | |
| 264 | 1. | ‡aNew York, New York : ‡bDutton Children's Books, ‡c2025. | |
| 300 | . | ‡a191 pages ; ‡c22 cm | |
| 334 | . | ‡asingle unit ‡bmono | |
| 336 | . | ‡atext ‡btxt ‡2rdacontent | |
| 337 | . | ‡aunmediated ‡bn ‡2rdamedia | |
| 338 | . | ‡avolume ‡bnc ‡2rdacarrier | |
| 520 | . | ‡aGrowing up at her grandparents' amusement park, Reilly Rhoades spent her life in the glow of bright lights, hard work, and sweet treats. That is until her beloved grandfather died. With Grandpa gone now, the sweetness of the park disappears, and the pride Reilly had for her family’s legacy grows bitter. Without Grandpa, Reilly’s family fights to keep the park going—spreading happiness to others as they struggle to find it themselves. The strain causes one problem after another to erupt, until the Rhoades family, and their amusement park, comes apart at the seams. As past traditions clash with today's realities, a new friendship splashes into Reilly’s universe. With epic advice, wild adventures, and a plan (or twenty) for tackling life’s twists and turns, Reilly Rhoades discovers that happiness doesn’t mean you have to choose between the past and the future—sometimes building a bridge connects all the best parts of you! | |
| 521 | . | ‡aAges 10 and up ‡bDutton Children's Books. | |
| 650 | 0. | ‡aFamilies ‡vJuvenile fiction. | |
| 650 | 0. | ‡aFriendship ‡vJuvenile fiction. | |
| 650 | 0. | ‡aGrief ‡vJuvenile fiction. | |
| 650 | 0. | ‡aFamily-owned business enterprises ‡vJuvenile fiction. | |
| 650 | 0. | ‡aAmusement parks ‡vJuvenile fiction. | |
| 650 | 0. | ‡aFamily life ‡vFiction. | |
| 650 | 0. | ‡aDeath ‡vFiction. | |
| 650 | 0. | ‡aGrandparents ‡vFiction. | |
| 655 | 7. | ‡aBooks on Death & Dying | |
| 655 | 7. | ‡aBooks on Emotions & Feelings | |
| 655 | 7. | ‡aJuvenile works | |
| 655 | 7. | ‡aFiction. ‡2lcgft | |
| 901 | . | ‡a166622 ‡bAUTOGEN ‡c166622 ‡tbiblio | |